000 00516nam a2200181Ia 4500
008 240925s9999 xx 000 0 und d
020 _a817708111X
082 _a381.0954 MAT
100 _aMathur, Vibha
245 0 _aForeign trade of India 1947 to 2007: trends, policies and prospects
250 _aNA
260 _aNew Delhi:
_bNew Central Book Agency (P) Ltd
_c,2006.
300 _a216p.
_bN.A
_fOriginal
500 _aIncludes Index
600 _aSocial Sciences
650 _aSocial Sciences
942 _cBK
999 _c17917
_d17917